[Event "Monza e Brianza Province-ch"]
[Site "Ceriano Laghetto"]
[Date "2014.02.04"]
[Round "3"]
[White "Monticelli, Francesco"]
[Black "Pozzi, Luca"]
[Result "1-0"]
[WhiteElo "1705"]
[BlackElo "1701"]
[PlyCount "55"]
[EventDate "2014.01.21"]
[EventType "swiss"]
[EventRounds "6"]
[EventCountry "ITA"]
[SourceTitle "EXT 2015"]
[Source "ChessBase"]
[SourceDate "2014.11.20"]
[SourceVersion "1"]
[SourceVersionDate "2014.11.20"]
[SourceQuality "1"]

1. e4 c5 2. c3 g6 3. Nf3 Bg7 4. d4 cxd4 5. cxd4 d5 6. e5 Nc6 7. h3 Nh6 8. Bb5 0-0 9. 0-0 Nf5 10. Re1 f6 11. Bf4 Qb6 12. Bxc6 Qxc6 13. Qd2 g5 14. Bh2 h5 15. Rc1 Qd7 16. Qd3 Bh6 17. exf6 exf6 18. Rc7 Qe6 19. Nc3 Re8 20. g4 hxg4 21. hxg4 Ne7 22. Re1 Qf7 23. Bd6 Bf8 24. Nxd5 Qxd5 25. Bxe7 f5 26. Nxg5 Qa5 27. Qb3+ Kg7 28. Qf7+ 1-0

[Event "Robecchetto op-B 24th"]
[Site "Robecchetto"]
[Date "2013.12.29"]
[Round "4"]
[White "Pozzi, Luca"]
[Black "Guerini, Silvia"]
[Result "0-1"]
[WhiteElo "1738"]
[BlackElo "1823"]
[PlyCount "122"]
[EventDate "2013.12.27"]
[EventType "swiss"]
[EventRounds "6"]
[EventCountry "ITA"]
[SourceTitle "EXT 2015"]
[Source "ChessBase"]
[SourceDate "2014.11.20"]
[SourceVersion "1"]
[SourceVersionDate "2014.11.20"]
[SourceQuality "1"]

1. e4 c6 2. d4 d5 3. exd5 cxd5 4. Bd3 Nc6 5. c3 g6 6. Bf4 Bg7 7. Nf3 Nh6 8. Qd2 Nf5 9. 0-0 0-0 10. Bxf5 Bxf5 11. Bh6 f6 12. Bxg7 Kxg7 13. Re1 Qd6 14. Qe2 Rfe8 15. Na3 a6 16. c4 Rac8 17. Qd2 Red8 18. c5 Qc7 19. b4 Na7 20. Nh4 Qd7 21. Nxf5+ gxf5 22. Re3 Rg8 23. Rae1 Rce8 24. Qe2 Kf8 25. Qh5 Rg7 26. Qh6 Kf7 27. Qh5+ Kf8 28. Re6 Nc6 29. Nc2 Nd8 30. R6e2 Nc6 31. f4 Nd8 32. Ne3 Nc6 33. Nxf5 Rg6 34. Re6 Ne5 35. Nh4 Qxe6 36. Nxg6+ hxg6 37. Qh8+ Kf7 38. Qh7+ Kf8 39. fxe5 g5 40. Rf1 Qg4 41. exf6 Qxd4+ 42. Kh1 exf6 43. Qg6 Re6 44. Qxg5 Qf2 45. Qc1 Qxa2 46. h3 Ke7 47. Qf4 Kf7 48. h4 Qb2 49. h5 Re2 50. Rg1 Re4 51. Qc7+ Kg8 52. Qd8+ Kg7 53. Qd7+ Kf8 54. g4 Re2 55. Qd6+ Ke8 56. h6 Qc2 57. Qg3 Qe4+ 58. Rg2 Re3 59. Qh4 Re1+ 60. Kh2 Qf4+ 61. Rg3 Qf2+ 0-1

[Event "Lombardia Region-ch"]
[Site "Saronno"]
[Date "2013.05.25"]
[Round "3"]
[White "Pozzi, Luca"]
[Black "Poletto, Daniele"]
[Result "1-0"]
[WhiteElo "1467"]
[BlackElo "1766"]
[PlyCount "125"]
[EventDate "2013.05.24"]
[EventType "swiss"]
[EventRounds "5"]
[EventCountry "ITA"]
[SourceTitle "EXT 2015"]
[Source "ChessBase"]
[SourceDate "2014.11.20"]
[SourceVersion "1"]
[SourceVersionDate "2014.11.20"]
[SourceQuality "1"]

1. e4 c5 2. c3 Nf6 3. e5 Nd5 4. d4 cxd4 5. cxd4 Nc6 6. Bc4 Nb6 7. Bb3 d6 8. exd6 Qxd6 9. Be3 Be6 10. Bxe6 Qxe6 11. Nf3 Rd8 12. 0-0 g6 13. Re1 Qd7 14. Na3 Bg7 15. Nc2 0-0 16. Qe2 h6 17. Rad1 e6 18. Ne5 Qd5 19. Nxc6 Qxc6 20. Rd3 Nd5 21. a3 Kh7 22. Nb4 Nxb4 23. axb4 Qc4 24. Qd2 Rc8 25. Qc3 Qxc3 26. bxc3 Rc4 27. f4 Rfc8 28. Bd2 a6 29. g4 R8c7 30. Kg2 Rd7 31. Kf3 Rd5 32. h4 Bf8 33. Re5 Rxe5 34. fxe5 Be7 35. g5 h5 36. Ke4 Kg7 37. Rf3 Rc7 38. Kd3 b6 39. c4 Ra7 40. d5 exd5 41. cxd5 a5 42. bxa5 bxa5 43. d6 Bd8 44. Ke4 a4 45. Bc3 Rb7 46. Bd2 Kf8 47. e6 a3 48. Rxa3 fxe6 49. Ke5 Rb2 50. Rf3+ Ke8 51. Be3 Kd7 52. Rf7+ Kc6 53. Kxe6 Re2 54. Rf3 Bb6 55. Rf6 Rxe3+ 56. Kf7 Bc5 57. Kxg6 Bxd6 58. Kxh5 Rh3 59. Kg4 Rh1 60. h5 Rg1+ 61. Kf5 Rf1+ 62. Kg6 Kd7 63. Rxf1 1-0